000 00720nam a2200229 a 4500
999 _c3693
_d3693
001 3693
003 BD-JhCC
005 20171116175051.0
008 171116s2008 bg |||| ||a| 000 0 ben d
020 _a9848684972
035 _a(BD-JhCC)3693
040 _aBD-JhCC
_dBD-JhCC
041 _aben
082 _a891.4409
_bSAM 2008
245 _aশামসুর রহমান স্মারক গ্রন্হ /
_cআনিসুজ্জামান সম্পাদনা
260 _aঢাকা :
_bঅন্যপ্রকাশ,
_c২০০৮.
300 _a392 p. :
_c22 cm.
650 _aCollection Of Worlks
700 _aআনিসুজ্জামান,
942 _2ddc
_cBK